La vie de Louis XIV - Statistiques

Statistiques générales
  • Ce quiz a été pris 254 fois
  • Le résultat moyen est 13 sur 22
Statistiques - réponses
Question Réponse % Correct
Père Louis XIII
93%
Château célèbre dans lequel il s'installa avec sa cour en 1682. Versailles
89%
Parrain et ministre principal jusqu'en 1661 Mazarin
86%
Son arrière-petit-fils lui succéda sous se nom. Louis XV
83%
Année de naissance 1638
80%
Il devient roi cette année-là 1643
78%
Mère Anne d'Autriche
78%
Révolte des Grands du royaume en 1648 qui, plus tard, le fera se méfier de Paris. La Fronde
75%
Épouse secrète à partir de 1683 Madame de Maintenon
70%
Ministre principal de 1661 à 1683 Colbert
69%
Jardinier de Louis XIV, qui aménagea notamment les célèbres "Jardins à la française". André le Nôtre
65%
Première épouse Marie-Thérèse d'Autriche
53%
Frère cadet Philippe d'Orléans
49%
Ville de naissance Saint-Germain-en-Laye
46%
Première maîtresse officielle du roi Louise de la Vallière
40%
Maladie qui causa sa mort en 1715 Gangrène
38%
Nom donné au siècle de Louis XIV. Le Grand Siècle
36%
Deuxième maîtresse officielle du roi Madame de Montespan
32%
Traité signé avec Philippe IV d'Espagne en 1659 mettant fin aux tensions franco-espagnoles Traité des Pyrénées
27%
Guerre déclenchée en 1672 qui se conclura par la Paix de Nimègue. Guerre de Hollande
26%
Surnom de son fils aîné, Louis de France Le Grand Dauphin
26%
Conflit débuté en 1687 et qui se termina par le Traité de Ryswick en 1697. Guerre de la Ligue d'Augsbourg
13%
Aucun quiz correspondant
Distribution des résultats
% des personnes avec chaque résultat
Percentile par nombre de réponses
Votre historique - résultats
Vous n’avez pas pris ce quiz